Statistics for Formula 2 Race Winners

Click here to take the quiz!

General Stats

  • This quiz has been taken 45 times
    (29 since last reset)
  • The average score is 17 of 28

Answer Stats

WinsYears ActiveCountryAnswer% Correct
52019-2021ChinaGuanyu Zhou
91%
62021AustraliaOscar Piastri
91%
22022USALogan Sargeant
83%
32019-2020GermanyMick Schumacher
83%
42019NetherlandsNyck De Vries
83%
72020-presentBrazilFelipe Drugovich
78%
12022DenmarkFrederik Vesti
78%
42021-presentNew ZealandLiam Lawson
78%
32020JapanYuki Tsunoda
78%
12022JapanAyumu Iwasa
70%
22020-presentEstoniaJuri Vips
70%
22019-2020RussiaNikita Mazepin
70%
62020-2021RussiaRobert Shwartzman
70%
52021-presentFranceTheo Pourchaire
70%
22022NorwayDennis Hauger
65%
32020-presentIndiaJehan Daruvala
65%
42019CanadaNicholas Latifi
65%
32020-presentNew ZealandMarcus Armstrong
57%
22022AustraliaJack Doohan
52%
22021-presentNetherlandsRichard Verschoor
43%
32019-2020UKCallum Ilott
39%
22019FranceAnthoine Hubert
35%
32020-2021UKDan Ticktum
35%
52019-2020ItalyLuca Ghiotto
35%
22019BrazilSergio Sette Camara
35%
32019-2020JapanNobuharu Matsushita
30%
32019-2021UKJack Aitken
26%
22019-2021DenmarkChristian Lungaard
22%

Score Distribution

Percentile by Number Answered

Percent of People with Each Score

Your Score History

You have not taken this quiz since the last reset